000 00567nam a2200193 a 4500
001 5667
005 20180713185524.0
008 140415s1991 000 0 spa d
041 _aspa
082 _a658.45
_bJEN
100 1 _aJENNINGS, MARIE
245 1 0 _aCOMO GERENCIAR LA COMUNICACION CORPORATIVA :
_bPAUTAS PARA LA ACCION
260 _a[s.l.] :
_bLEGIS EDITORES,
_c1991
300 _a166
490 _aEMPRESARIAL
650 1 4 _aCOMUNICACION EN ADMINISTRACION
700 1 _aCALADO NOGUERA, EDUARDO
_etr.
700 1 _aCHURCHILL, DAVID
_ecoaut.
999 _c5667
_d5667